| 000 | 01123nam0a22002891 4500 | ||
|---|---|---|---|
| 001 | rc\4758034 | ||
| 005 | 20260406003708.0 | ||
| 021 |
_aRU _b[58-10460] |
||
| 035 | _a(NLR Aleph) 008995759 | ||
| 090 |
_a9275364 _c9275364 |
||
| 100 | _a20130417d1958 |||y0rusy50 ca | ||
| 101 | 0 | _arus | |
| 102 | _aRU | ||
| 105 | _aa z ||||| | ||
| 200 | 1 | _aЖизнь Альберта Эйнштейна. [1879-1955 | |
| 210 |
_aМосква] _cМол. гвардия _d1958 |
||
| 215 |
_a320 с., 7 л. ил. _cил. _d21 |
||
| 225 | 1 | _aЖизнь замечательных людей | |
| 320 | _aКниги, статьи и речи А. Эйнштейна; Литература о жизни и трудах Эйнштейна: с. 316-319 | ||
| 700 | 1 |
_8rus _7ca _aЛьвов _bВ. Е. _cписатель _f1904-2000 _gВладимир Евгеньевич _3RU\NLR\AUTH\77113222 _996147 |
|
| 702 | 1 |
_4570 _7ca _8rus _aЭйнштейн _bА. _f1879-1955 _gАльберт _9128325 _3RU\NLR\AUTH\770128355 |
|
| 801 | 0 |
_aRU _bNLR _gpsbo |
|
| 801 | 1 |
_aRU _bELAR _2rusmarc |
|
| 852 |
_aNLR _j58-3/1359 |
||
| 942 | _cBOOK | ||
| 980 | _aNB | ||